000 00535nam a2200181Ia 4500
008 090122s9999 xx 000 0 und d
082 _b13239
_a891.4681
100 _aकीर
_bउमाकांत
245 _aश्यामकवित
260 _bकृष्णाकरवार
_c1997
300 _a84
501 _aदेणगी - उमाकांत कीर
600 _aकीर
630 _aश्यामकवित
700 _aकीर
730 _aश्यामकवित
942 _cBOOK
999 _c37316
_d37316